000 00617nam a22002057a 4500
005 20250528124740.0
010 _aENG-144987
020 _a9788125028086
_c425.00
020 _a8125028080
035 _aEN-128519
037 _aDBAD
082 _a376.05
_27
245 _aAnanthanarayan and Paniker's Textbook of Microbiology/
_cEdited By C K J Paniker
250 _a7th ed
260 _aHyderabad
_bOrient BlackSwan
_c2005
270 _a3-6-752 Himayatnagar,
_bHyderabad
_e500029
300 _a657p.
_c24cm(pb)
700 _aPaniker, C K J
_eEditor
_981416
942 _2ddc
_cEN
_mANA
_h376.05
999 _c211429
_d211429